00523nam a22001697a 450000500170000001000130001702000130003003500130004303700090005608200080006510000360007324500620010924600410017126000550021227000640026730000220033120191206152810.0 aA-442553 c50.00a- aA-442553 bBPPD a270 aقا سمی عتيق ا حمد  aفکر کی غلطی cقا سمی عتيق ا حمد  aFikr Ki Ghaltibby Atiqu Ahmed Qasmi aN.Delhic1990 ء bQasi PublishersAnd Distributers aWatege Building Hazrat Nizamuddin West,bN.Delhik-e110013 a352 صc22 cm(hb)